Get in on the Act: valuations and dilapidations. One-day conference [held by] RICS LA & A Division and CAAV in Connaught Rooms,London, 15 January 1985 (Record no. 88250)

MARC details
000 -LEADER
fixed length control field 00682cam a2200205 4500
001 - CONTROL NUMBER
control field D15431
008 - FIXED-LENGTH DATA ELEMENTS--GENERAL INFORMATION
fixed length control field 090401t1985 xxu||||| |||| 00| 0 eng d
035 ## - SYSTEM CONTROL NUMBER
System control number (Sirsi) u22778
041 ## - LANGUAGE CODE
Language code of text/sound track or separate title eng
050 ## - LIBRARY OF CONGRESS CALL NUMBER
Classification number 630.026
090 ## - LOCALLY ASSIGNED LC-TYPE CALL NUMBER (OCLC); LOCAL CALL NUMBER (RLIN)
Classification number (OCLC) (R) ; Classification number, CALL (RLIN) (NR) 630.026
110 ## - MAIN ENTRY--CORPORATE NAME
Corporate name or jurisdiction name as entry element Royal Institution of Chartered Surveyors
9 (RLIN) 4900
245 ## - TITLE STATEMENT
Title Get in on the Act: valuations and dilapidations. One-day conference [held by] RICS LA & A Division and CAAV in Connaught Rooms,London, 15 January 1985
260 ## - PUBLICATION, DISTRIBUTION, ETC.
Place of publication, distribution, etc. London
Name of publisher, distributor, etc. Surveyors Technical Services
Date of publication, distribution, etc. 1985
300 ## - PHYSICAL DESCRIPTION
Extent 3 papers
350 ## - PRICE (NR) (BK AM CF MU VM SE) [OBSOLETE]
Price 0
520 ## - SUMMARY, ETC.
Summary, etc. 3 papers catalogued separately. Filed in box RICS 1985/2 ABCD
942 ## - ADDED ENTRY ELEMENTS (KOHA)
Suppress in OPAC 0
948 ## - LOCAL PROCESSING INFORMATION (OCLC); SERIES PART DESIGNATOR (RLIN)
c (OCLC) 04/03/1997
Holdings
Withdrawn status Lost status Source of classification or shelving scheme Damaged status Not for loan Home library Current library Shelving location Date acquired Total Checkouts Full call number Barcode Date last seen Copy number Price effective from Koha item type
    Other/Generic Classification Scheme     London London RICS Boxes 13/08/1991   RICS 1985/2 30017098 06/08/2019 1 06/08/2019 Book
    Other/Generic Classification Scheme     London London RICS Boxes 13/08/1991   RICS 1985/2 30017099 06/08/2019 2 06/08/2019 Book
    Other/Generic Classification Scheme     London London RICS Boxes 13/08/1991   RICS 1985/2 30017100 06/08/2019 3 06/08/2019 Book
    Other/Generic Classification Scheme     London London RICS Boxes 13/08/1991   RICS 1985/2 30017101 06/08/2019 4 06/08/2019 Book
    Other/Generic Classification Scheme     London London RICS Boxes 13/08/1991   RICS 1985/2 30017214 06/08/2019 6 06/08/2019 Book
    Other/Generic Classification Scheme     London London RICS Boxes 13/08/1991   RICS 1985/2 30017215 06/08/2019 7 06/08/2019 Book
    Other/Generic Classification Scheme     London London RICS Boxes 14/09/1999   RICS 1985/2 30024946 06/08/2019 8 06/08/2019 Archive